[Event "Mallorca-chT"]
[Site "Palma de Mallorca"]
[Date "2002.03.09"]
[Round "7.2"]
[White "Roca Salva, Antonio"]
[Black "Cisneros Alomar, Javier"]
[Result "1/2-1/2"]
[WhiteElo "2121"]
[BlackElo "2205"]
[PlyCount "51"]
[EventDate "2002.??.??"]
[EventType "team"]
[EventRounds "10"]
[EventCountry "ESP"]
[SourceTitle "EXT 2003"]
[Source "ChessBase"]
[SourceDate "2002.11.25"]
[SourceVersion "1"]
[SourceVersionDate "2002.11.25"]
[SourceQuality "1"]

1. d4 Nf6 2. Nf3 e6 3. Bg5 h6 4. Bh4 b6 5. e3 Bb7 6. Nbd2 Be7 7. Bd3 d6 8. Qe2 Nbd7 9. 0-0-0 Nd5 10. Bxe7 Qxe7 11. Ba6 Bxa6 12. Qxa6 0-0 13. g4 Nb4 14. Qa3 a5 15. Rhg1 e5 16. g5 h5 17. g6 fxg6 18. Rxg6 Rf6 19. Rxf6 Qxf6 20. Qb3+ Qf7 21. Qxf7+ Kxf7 22. dxe5 Nxe5 23. Nxe5+ dxe5 24. a3 Nc6 25. Ne4 Rd8 26. Rg1 1/2-1/2